Southville International School and Colleges
Your cart is empty.
  • Cart
  • Lists
    Public lists Eva Luna New books Lux_list list_1
    Your lists Log in to create your own lists
  • Log in to your account
  • Your cookies
  • Search history
Southville International School and Colleges
  • Advanced search
  • Recent comments
  • Most popular
  • Libraries

Log in to your account

Log in with GOOGLE


If you do not have an external account, but do have a local account, you can still log in:

  1. Home
  2. MARC view: The sly fox and the little red hen :
Normal view MARC view ISBD view

The sly fox and the little red hen : (Record no. 306639)

[ view plain ]
MARC details
000 -LEADER
fixed length control field 00723nam a2200241Ia 4500
008 - FIXED-LENGTH DATA ELEMENTS--GENERAL INFORMATION
fixed length control field 170203s9999 xx 000 0 und d
020 ## - INTERNATIONAL STANDARD BOOK NUMBER
International Standard Book Number 0-721415652
050 ## - LIBRARY OF CONGRESS CALL NUMBER
Classification number Fic
050 ## - LIBRARY OF CONGRESS CALL NUMBER
Item number T374
100 ## - MAIN ENTRY--PERSONAL NAME
Personal name Stimson, Joan.
245 #4 - TITLE STATEMENT
Title The sly fox and the little red hen :
245 ## - TITLE STATEMENT
Remainder of title based on a traditional folk tale /
245 ## - TITLE STATEMENT
Statement of responsibility, etc by Joan Stimson ; illustrated by Brian Price Thomas.
260 ## - PUBLICATION, DISTRIBUTION, ETC. (IMPRINT)
Place of publication, distribution, etc Loughborough, Leicestershire
260 ## - PUBLICATION, DISTRIBUTION, ETC. (IMPRINT)
Name of publisher, distributor, etc Ladybird books Ltd.
260 ## - PUBLICATION, DISTRIBUTION, ETC. (IMPRINT)
Date of publication, distribution, etc 1993
300 ## - PHYSICAL DESCRIPTION
Extent 25 unnumbered pages.
440 ## - SERIES STATEMENT/ADDED ENTRY--TITLE
Title Favourite Tales.
500 ## - GENERAL NOTE
General note "Based on a traditional folk tale. "
650 ## - SUBJECT ADDED ENTRY--TOPICAL TERM
Topical term or geographic name as entry element English fiction --
650 ## - SUBJECT ADDED ENTRY--TOPICAL TERM
General subdivision Children's stories.
700 ## - ADDED ENTRY--PERSONAL NAME
Personal name Thomas, Brian Price, ill.
Holdings
Withdrawn status Lost status Damaged status Home library Current library Shelving location Date acquired Total Checkouts Full call number Barcode Date last seen Price effective from Koha item type
      Stonyhurst Southville International School (Batangas) Stonyhurst Southville International School (Batangas)   02/03/2017   Fic .T374 1993 LS-0694 02/03/2017 02/03/2017 Books

The sly fox and the little red hen :

APA

Stimson J., Thomas B. P. i., .The sly fox and the little red hen. Loughborough, Leicestershire: .

Chicago

Stimson Joan, Thomas Brian Price ill, .The sly fox and the little red hen. Loughborough, Leicestershire: .

Harvard

Stimson J., Thomas B. P. i., .The sly fox and the little red hen. Loughborough, Leicestershire: .

MLA

Stimson Joan, Thomas Brian Price ill, .Loughborough, Leicestershire: . .

  • Place hold
  • Print
  • Cite
  • Add to your cart (remove)
  • Save record
    BIBTEX Dublin Core MARCXML MARC (non-Unicode/MARC-8) MARC (Unicode/UTF-8) MARC (Unicode/UTF-8, Standard) MODS (XML) RIS
  • More searches
    Search for this title in:
    Other Libraries (WorldCat) Other Databases (Google Scholar) Online Stores (Bookfinder.com) Open Library (openlibrary.org)

Exporting to Dublin Core...

SOUTHVILLE LIBRARY

Southville International School and Colleges Library

1281 Tropical Ave. Cor. Luxembourg St., BF Homes International, Las Pinas City

Tel. No. 8256374 / 252358 Loc. 117/146

Powered by Koha